[Event "FRA-ch op-A"]
[Site "Nancy"]
[Date "2013.08.15"]
[Round "4"]
[White "Callet, Emmanuel"]
[Black "Helfer, Remi"]
[Result "0-1"]
[WhiteElo "2183"]
[BlackElo "2064"]
[PlyCount "64"]
[EventDate "2013.08.11"]
[EventType "swiss"]
[EventRounds "11"]
[EventCountry "FRA"]
[SourceTitle "CBM 156 Extra"]
[Source "ChessBase"]
[SourceDate "2013.10.22"]
[SourceVersion "1"]
[SourceVersionDate "2013.10.22"]
[SourceQuality "1"]

1. e4 e5 2. Bc4 Nc6 3. d3 Bc5 4. Nf3 Nf6 5. Nc3 d6 6. a3 Be6 7. Nd5 Qd7 8. Bg5 Bxd5 9. exd5 Ne7 10. Qe2 0-0-0 11. 0-0-0 Rde8 12. Bxf6 gxf6 13. Nd2 Rhg8 14. g3 Bb6 15. Ne4 Rg6 16. h4 Ng8 17. h5 Rg7 18. Qf3 f5 19. Nc3 a6 20. Bb3 Ba7 21. a4 Rg4 22. Rde1 Nh6 23. Re2 Qe7 24. Kb1 Qg5 25. Qg2 f4 26. Qh3 f5 27. gxf4 Qxf4 28. Nd1 Reg8 29. Ne3 R4g5 30. Nc4 Rg1+ 31. Rxg1 Rxg1+ 32. Ka2 Qc1 0-1

[Event "FRA-ch op-A"]
[Site "Nancy"]
[Date "2013.08.13"]
[Round "2"]
[White "Callet, Emmanuel"]
[Black "Pichelin, Pascal"]
[Result "1/2-1/2"]
[WhiteElo "2183"]
[BlackElo "2038"]
[PlyCount "48"]
[EventDate "2013.08.11"]
[EventType "swiss"]
[EventRounds "11"]
[EventCountry "FRA"]
[SourceTitle "CBM 156 Extra"]
[Source "ChessBase"]
[SourceDate "2013.10.22"]
[SourceVersion "1"]
[SourceVersionDate "2013.10.22"]
[SourceQuality "1"]

1. Nf3 d5 2. d4 c6 3. c4 e6 4. Nc3 dxc4 5. a4 Bb4 6. e3 b5 7. Ne5 Bb7 8. Bd2 a6 9. b3 cxb3 10. Qxb3 Qe7 11. Rb1 Bxc3 12. Bxc3 Qc7 13. Be2 Nf6 14. 0-0 Nbd7 15. Nxd7 Qxd7 16. Bf3 0-0 17. Rfd1 Nd5 18. Bb2 Nb6 19. a5 Nc4 20. Bc3 Rfd8 21. Be2 Nd6 22. Bf3 Nc4 23. Be2 Nd6 24. Bf3 Nc4 1/2-1/2

[Event "Cappelle op 29th"]
[Site "Cappelle la Grande"]
[Date "2013.02.23"]
[Round "1"]
[White "Callet, Emmanuel"]
[Black "Peyre, Camille"]
[Result "1-0"]
[WhiteElo "2186"]
[BlackElo "1965"]
[PlyCount "71"]
[EventDate "2013.02.23"]
[EventType "swiss"]
[EventRounds "9"]
[EventCountry "FRA"]
[SourceTitle "CBM 153 Extra"]
[Source "ChessBase"]
[SourceDate "2013.04.22"]
[SourceVersion "1"]
[SourceVersionDate "2013.04.22"]
[SourceQuality "1"]

1. Nf3 f5 2. e4 fxe4 3. Ng5 Nf6 4. d3 e6 5. dxe4 h6 6. e5 hxg5 7. Bd3 Bb4+ 8. c3 Be7 9. Bxg5 Ne4 10. Bxe7 Qxe7 11. Bxe4 Qg5 12. 0-0 Qxe5 13. Bg6+ Ke7 14. f4 Qe3+ 15. Kh1 Qg3 16. Bh5 Qh4 17. g4 g6 18. Qd4 Rh7 19. Qe4 Rh6 20. Qe5 Rh7 21. Qe4 Rh6 22. Nd2 gxh5 23. g5 Rh8 24. Nf3 Qh3 25. Ne5 Nc6 26. Ng6+ Kd8 27. Nxh8 b6 28. Rf3 Qg4 29. Rg3 Qf5 30. Qxf5 exf5 31. Re1 d6 32. g6 Bb7 33. Kg1 Kd7 34. g7 Rg8 35. Nf7 Ne7 36. Nh6 1-0

[Event "FRA-ch Accession"]
[Site "Nimes"]
[Date "2009.08.18"]
[Round "7"]
[White "Lebreton, Flavien"]
[Black "Callet, Emmanuel"]
[Result "1-0"]
[WhiteElo "2012"]
[BlackElo "2215"]
[PlyCount "71"]
[EventDate "2009.08.11"]
[EventType "swiss"]
[EventRounds "9"]
[EventCountry "FRA"]
[SourceTitle "CBM 132 Extra"]
[Source "ChessBase"]
[SourceDate "2009.11.03"]
[SourceVersion "1"]
[SourceVersionDate "2009.11.03"]
[SourceQuality "1"]

1. d4 Nf6 2. c4 g6 3. Nc3 Bg7 4. e4 d6 5. Be2 Nbd7 6. Nf3 0-0 7. 0-0 e5 8. dxe5 dxe5 9. Qc2 c6 10. Rd1 Qc7 11. h3 Re8 12. Be3 Nh5 13. Nd2 Nf4 14. b4 Nf8 15. c5 N8e6 16. Nf3 Nxe2+ 17. Nxe2 h6 18. Rd6 Nf8 19. Rad1 a5 20. b5 Be6 21. Nc3 g5 22. bxc6 bxc6 23. Na4 Ng6 24. Nb6 Bf8 25. Nxa8 Rxa8 26. R6d3 g4 27. hxg4 Bxg4 28. Qd2 Kh7 29. Rd8 Ra7 30. Rb1 Rb7 31. Rxb7 Qxb7 32. Rxf8 Bxf3 33. Bxh6 Bxe4 34. Qg5 Qb1+ 35. Kh2 Bd3 36. Qf6 1-0

[Event "FRA-ch Accession"]
[Site "Nimes"]
[Date "2009.08.14"]
[Round "4"]
[White "Prodhomme, Boris"]
[Black "Callet, Emmanuel"]
[Result "1/2-1/2"]
[WhiteElo "2183"]
[BlackElo "2215"]
[PlyCount "117"]
[EventDate "2009.08.11"]
[EventType "swiss"]
[EventRounds "9"]
[EventCountry "FRA"]
[SourceTitle "CBM 132 Extra"]
[Source "ChessBase"]
[SourceDate "2009.11.03"]
[SourceVersion "1"]
[SourceVersionDate "2009.11.03"]
[SourceQuality "1"]

1. d4 Nf6 2. c4 e6 3. Nf3 Bb4+ 4. Bd2 a5 5. Nc3 d5 6. g3 0-0 7. Bg2 dxc4 8. 0-0 Nbd7 9. Qc2 Nb6 10. Rfd1 Qe8 11. e4 Bd7 12. e5 Nfd5 13. Ng5 f5 14. exf6 Nxf6 15. Re1 Bxc3 16. Bxc3 Qh5 17. f4 Nbd5 18. Bf3 Qg6 19. Qxg6 hxg6 20. Nxe6 Rfe8 21. Ng5 b5 22. Re5 c6 23. Ne4 b4 24. Nxf6+ gxf6 25. Rxd5 cxd5 26. Bxd5+ Kg7 27. Be1 Rac8 28. Kf2 Bb5 29. a4 Ba6 30. Bf3 c3 31. bxc3 bxc3 32. Rc1 c2 33. Bxa5 Bd3 34. Bb6 Rc4 35. d5 Rb4 36. Be3 Rxa4 37. d6 Rd8 38. d7 Rc4 39. Bd5 Rb4 40. Bc6 Rb1 41. Ke1 Bf5 42. Ba4 Bxd7 43. Bxc2 Rxc1+ 44. Bxc1 Bc6 45. h4 Bf3 46. f5 Re8+ 47. Kf2 Be4 48. Bxe4 Rxe4 49. fxg6 Kxg6 50. Bf4 f5 51. Kf3 Ra4 52. Bg5 Ra1 53. Bd8 Rf1+ 54. Ke2 Rg1 55. Kf3 Rd1 56. Bg5 Rd4 57. Be7 Kh5 58. Bg5 Ra4 59. Be7 1/2-1/2

[Event "FRA-ch Accession"]
[Site "Nimes"]
[Date "2009.08.11"]
[Round "1"]
[White "Bailet, Pierre"]
[Black "Callet, Emmanuel"]
[Result "1-0"]
[WhiteElo "2352"]
[BlackElo "2215"]
[PlyCount "59"]
[EventDate "2009.08.11"]
[EventType "swiss"]
[EventRounds "9"]
[EventCountry "FRA"]
[SourceTitle "CBM 132 Extra"]
[Source "ChessBase"]
[SourceDate "2009.11.03"]
[SourceVersion "1"]
[SourceVersionDate "2009.11.03"]
[SourceQuality "1"]

1. e4 c5 2. Nf3 e6 3. d4 cxd4 4. Nxd4 a6 5. Bd3 Nf6 6. 0-0 Qc7 7. Qe2 d6 8. c4 Be7 9. Nc3 0-0 10. Be3 Nbd7 11. Rac1 Ne5 12. f3 Bd7 13. b3 Nxd3 14. Qxd3 Rfd8 15. Rfd1 Be8 16. Qe2 Qa5 17. Qd2 Kf8 18. Qf2 Rdc8 19. Qg3 b5 20. Nd5 Nxd5 21. cxd5 Bd7 22. dxe6 fxe6 23. e5 d5 24. Qg4 Kf7 25. f4 g6 26. Qh3 h5 27. g4 Rh8 28. f5 hxg4 29. fxe6+ Bxe6 30. Qf1+ 1-0

[Event "Paris-ch"]
[Site "Paris"]
[Date "2005.07.17"]
[Round "9"]
[White "Callet, Emmanuel"]
[Black "Templier, Nicolas"]
[Result "1/2-1/2"]
[WhiteElo "2223"]
[BlackElo "2290"]
[PlyCount "37"]
[EventDate "2005.07.10"]
[EventType "swiss"]
[EventRounds "9"]
[EventCountry "FRA"]
[SourceTitle "CBM 107 Extra"]
[Source "ChessBase"]
[SourceDate "2005.09.01"]
[SourceVersion "1"]
[SourceVersionDate "2005.09.01"]
[SourceQuality "1"]

1. Nf3 Nf6 2. d4 e6 3. c4 Bb4+ 4. Bd2 Qe7 5. g3 Nc6 6. Bg2 Bxd2+ 7. Nbxd2 d6 8. 0-0 0-0 9. e4 e5 10. d5 Nb8 11. b4 a5 12. a3 Bg4 13. Qc2 Na6 14. Rab1 c6 15. dxc6 bxc6 16. h3 Be6 17. Ne1 Qa7 18. Qc3 Nd7 19. Nd3 1/2-1/2

[Event "Syre Memorial op 28th"]
[Site "Issy les Moulineaux"]
[Date "2005.05.05"]
[Round "1"]
[White "Baranger, Marc"]
[Black "Callet, Emmanuel"]
[Result "1/2-1/2"]
[WhiteElo "2075"]
[BlackElo "2239"]
[PlyCount "83"]
[EventDate "2005.05.05"]
[EventType "swiss"]
[EventRounds "6"]
[EventCountry "FRA"]
[SourceTitle "EXT 2007"]
[Source "ChessBase"]
[SourceDate "2006.11.23"]
[SourceVersion "1"]
[SourceVersionDate "2006.11.23"]
[SourceQuality "1"]

1. d4 Nf6 2. Nf3 d6 3. c4 g6 4. g3 Bg7 5. Bg2 c6 6. 0-0 0-0 7. Nc3 Nbd7 8. h3 e5 9. e4 exd4 10. Nxd4 Re8 11. Rb1 Nc5 12. Re1 a5 13. Nb3 Ne6 14. Be3 a4 15. Nd2 Qa5 16. Qc2 Nd7 17. Nf3 Ne5 18. Nxe5 dxe5 19. Ne2 Nd4 20. Nxd4 exd4 21. Bd2 Qc5 22. b4 axb3 23. axb3 Be6 24. Bf1 Qe7 25. c5 Qd7 26. Kh2 f5 27. Bc4 fxe4 28. Rxe4 Kh8 29. Bxe6 Rxe6 30. Rxe6 Qxe6 31. Re1 Qd5 32. b4 Kg8 33. Qd3 Rf8 34. Kg1 Qf7 35. Qe2 h5 36. Bf4 Ra8 37. Bd6 Bf6 38. b5 Qd5 39. bxc6 bxc6 40. Qd3 Kf7 41. Rb1 Ra7 42. Re1 1/2-1/2

[Event "Issy les Moulineaux tt"]
[Site "Issy les Moulineaux"]
[Date "2004.12.12"]
[Round "2"]
[White "Callet, Emmanuel"]
[Black "Dicko, Henri"]
[Result "1/2-1/2"]
[WhiteElo "2239"]
[BlackElo "2105"]
[PlyCount "37"]
[EventDate "2004.11.21"]
[EventType "team-tourn"]
[EventRounds "7"]
[EventCountry "FRA"]
[SourceTitle "EXT 2007"]
[Source "ChessBase"]
[SourceDate "2006.11.23"]
[SourceVersion "1"]
[SourceVersionDate "2006.11.23"]
[SourceQuality "1"]

1. d4 Nf6 2. Nf3 e6 3. c4 Bb4+ 4. Bd2 Qe7 5. a3 Bxd2+ 6. Nbxd2 d6 7. e3 0-0 8. Qc2 e5 9. 0-0-0 Re8 10. dxe5 dxe5 11. h3 Nc6 12. Nb1 Be6 13. Nc3 Rad8 14. Be2 Rxd1+ 15. Rxd1 Rd8 16. Rxd8+ Qxd8 17. Ng5 Qd7 18. Nxe6 Qxe6 19. Ne4 1/2-1/2

[Event "FRA-chT2 0405"]
[Site "France"]
[Date "2004.12.05"]
[Round "4.1"]
[White "Sanchez, Louis"]
[Black "Callet, Emmanuel"]
[Result "1/2-1/2"]
[WhiteElo "2247"]
[BlackElo "2239"]
[PlyCount "32"]
[EventDate "2004.10.10"]
[EventType "team-tourn"]
[EventRounds "11"]
[EventCountry "FRA"]
[SourceTitle "EXT 2006"]
[Source "ChessBase"]
[SourceDate "2005.11.24"]
[SourceVersion "1"]
[SourceVersionDate "2005.11.24"]
[SourceQuality "1"]
[WhiteTeam "Clichy  II"]
[BlackTeam "Issy les Moulineaux"]
[WhiteTeamCountry "FRA"]
[BlackTeamCountry "FRA"]

1. e4 e5 2. Nf3 Nc6 3. Bc4 Nf6 4. d3 Be7 5. 0-0 d6 6. c3 0-0 7. Bb3 Bg4 8. h3 Bh5 9. Nbd2 Bg6 10. Nh4 Kh8 11. Ndf3 d5 12. Nxg6+ fxg6 13. Qe2 dxe4 14. dxe4 h6 15. Qb5 a6 16. Qe2 Bd6 1/2-1/2

[Event "FRA-chT2 0405"]
[Site "France"]
[Date "2004.10.10"]
[Round "1.1"]
[White "Callet, Emmanuel"]
[Black "Velikov, Petar"]
[Result "0-1"]
[WhiteElo "2239"]
[BlackElo "2442"]
[PlyCount "48"]
[EventDate "2004.10.10"]
[EventType "team-tourn"]
[EventRounds "11"]
[EventCountry "FRA"]
[SourceTitle "EXT 2006"]
[Source "ChessBase"]
[SourceDate "2005.11.24"]
[SourceVersion "1"]
[SourceVersionDate "2005.11.24"]
[SourceQuality "1"]
[WhiteTeam "Issy les Moulineaux"]
[BlackTeam "Vincennes"]
[WhiteTeamCountry "FRA"]
[BlackTeamCountry "FRA"]

1. e4 c5 2. Nf3 e6 3. d4 cxd4 4. Nxd4 a6 5. Nc3 b5 6. a3 Bb7 7. Be2 Qc7 8. Be3 Nf6 9. Bf3 d6 10. g4 Nfd7 11. Rg1 Ne5 12. Be2 Nbd7 13. f4 Nc4 14. Bxc4 Qxc4 15. Qd2 Nf6 16. b3 Qc7 17. Qd3 Rc8 18. Bd2 e5 19. Nde2 Qc6 20. Rg3 Nxe4 21. Re3 Nxd2 22. Kxd2 Be7 23. h4 0-0 24. g5 f5 0-1

[Event "Paris-ch"]
[Site "Paris"]
[Date "2004.07.11"]
[Round "9"]
[White "Callet, Emmanuel"]
[Black "Douriet Duany, Alexis"]
[Result "0-1"]
[WhiteElo "2204"]
[BlackElo "2277"]
[PlyCount "50"]
[EventDate "2004.07.03"]
[EventType "swiss"]
[EventRounds "9"]
[EventCountry "FRA"]
[SourceTitle "CBM 101 Extra"]
[Source "ChessBase"]
[SourceDate "2004.09.01"]
[SourceVersion "2"]
[SourceVersionDate "2004.09.01"]
[SourceQuality "1"]

1. e4 e6 2. d4 d5 3. Nc3 Bb4 4. e5 Ne7 5. Nf3 c5 6. a3 Bxc3+ 7. bxc3 b6 8. Bb5+ Bd7 9. a4 Bxb5 10. axb5 Qd7 11. Rb1 a6 12. bxa6 Rxa6 13. dxc5 0-0 14. cxb6 Qc6 15. Be3 Nf5 16. Bd4 Nxd4 17. cxd4 Rxb6 18. Rxb6 Qxb6 19. 0-0 Rc8 20. Qd3 Qb2 21. h4 Qxc2 22. Qa3 h6 23. Ra1 Nd7 24. Qe7 Nb6 25. Ra7 Qc1+ 0-1

[Event "Paris-ch"]
[Site "Paris"]
[Date "2004.07.09"]
[Round "7"]
[White "Callet, Emmanuel"]
[Black "Sanchez, Joseph"]
[Result "0-1"]
[WhiteElo "2204"]
[BlackElo "2453"]
[PlyCount "50"]
[EventDate "2004.07.03"]
[EventType "swiss"]
[EventRounds "9"]
[EventCountry "FRA"]
[SourceTitle "CBM 101 Extra"]
[Source "ChessBase"]
[SourceDate "2004.09.01"]
[SourceVersion "2"]
[SourceVersionDate "2004.09.01"]
[SourceQuality "1"]

1. e4 c5 2. Nf3 Nc6 3. Bb5 Nf6 4. e5 Nd5 5. Nc3 Nc7 6. Bc4 g6 7. 0-0 Bg7 8. Re1 0-0 9. d3 b6 10. Bg5 h6 11. Bh4 Bb7 12. a3 d5 13. exd6 Qxd6 14. Bg3 e5 15. h4 Rae8 16. h5 g5 17. Qd2 Kh8 18. Rab1 f5 19. b4 Nd4 20. Nxd4 cxd4 21. Na2 Nd5 22. c3 f4 23. Bh2 dxc3 24. Nxc3 Nxc3 25. Qxc3 Qc6 0-1

[Event "Syre Memorial op 26th"]
[Site "Issy les Moulineaux"]
[Date "2003.05.29"]
[Round "2.9"]
[White "Callet, Emmanuel"]
[Black "Simon, Olivier"]
[Result "1/2-1/2"]
[WhiteElo "2160"]
[BlackElo "2293"]
[PlyCount "55"]
[EventDate "2003.05.29"]
[EventType "swiss"]
[EventRounds "6"]
[EventCountry "FRA"]
[SourceTitle "CBM 094 Extra"]
[Source "ChessBase"]
[SourceDate "2003.07.09"]
[SourceVersion "2"]
[SourceVersionDate "2003.07.09"]
[SourceQuality "1"]

1. e4 c5 2. Nf3 d6 3. d4 cxd4 4. Nxd4 Nf6 5. Nc3 a6 6. Bg5 e6 7. f4 Nc6 8. Qd2 h6 9. Bxf6 Qxf6 10. Nxc6 bxc6 11. Bd3 g5 12. 0-0 gxf4 13. Rxf4 Qd4+ 14. Kh1 e5 15. Rf2 Be6 16. Raf1 Be7 17. Qe2 a5 18. Nd1 a4 19. b3 axb3 20. axb3 Kd7 21. Ne3 Ra1 22. Rxa1 Qxa1+ 23. Rf1 Qd4 24. Qf3 Bd8 25. Nf5 Qc5 26. Ng7 Be7 27. Nxe6 fxe6 28. Qg4 1/2-1/2

[Event "Saint Quentin op 4th"]
[Site "Saint Quentin"]
[Date "2001.04.18"]
[Round "5.20"]
[White "Callet, Emmanuel"]
[Black "Rejaibi, Samir"]
[Result "1-0"]
[WhiteElo "2158"]
[BlackElo "1499"]
[PlyCount "68"]
[EventDate "2001.04.15"]
[EventType "swiss"]
[EventRounds "9"]
[EventCountry "FRA"]
[SourceTitle "EXT 2002"]
[Source "ChessBase"]
[SourceDate "2001.11.25"]
[SourceVersion "1"]
[SourceVersionDate "2001.11.25"]
[SourceQuality "1"]

1. e4 c5 2. Nf3 d6 3. d4 cxd4 4. Nxd4 Nf6 5. Nc3 a6 6. Bg5 e6 7. f4 Be7 8. Qf3 h6 9. Bxf6 Bxf6 10. 0-0-0 Qb6 11. Nb3 Qc7 12. Bd3 Nd7 13. Qg3 0-0 14. Rhe1 b5 15. e5 dxe5 16. f5 Nc5 17. Nxc5 Qxc5 18. Ne4 Qe7 19. Nxf6+ Qxf6 20. Qxe5 Qg5+ 21. Kb1 exf5 22. g4 Bb7 23. gxf5 Rfe8 24. Qxe8+ Rxe8 25. Rxe8+ Kh7 26. f6+ g6 27. Rf1 Bd5 28. b3 a5 29. Rb8 b4 30. Rb5 Qg2 31. Rc1 Be4 32. Bc4 Qf2 33. Re5 Qf4 34. Re7 Bxc2+ 1-0

[Event "Saint Quentin op 4th"]
[Site "Saint Quentin"]
[Date "2001.04.16"]
[Round "2.24"]
[White "Mazaltob, Gerald"]
[Black "Callet, Emmanuel"]
[Result "0-1"]
[WhiteElo "1440"]
[BlackElo "2158"]
[PlyCount "84"]
[EventDate "2001.04.15"]
[EventType "swiss"]
[EventRounds "9"]
[EventCountry "FRA"]
[SourceTitle "EXT 2002"]
[Source "ChessBase"]
[SourceDate "2001.11.25"]
[SourceVersion "1"]
[SourceVersionDate "2001.11.25"]
[SourceQuality "1"]

1. d4 Nf6 2. c4 g6 3. Nc3 Bg7 4. Nf3 0-0 5. e4 d6 6. Be2 Nbd7 7. 0-0 e5 8. d5 Nc5 9. Qc2 a5 10. a3 b6 11. Be3 Ng4 12. Bd2 f5 13. Ng5 f4 14. Ne6 Nxe6 15. Bxg4 Nd4 16. Qd1 f3 17. gxf3 h5 18. Bxc8 Qxc8 19. f4 exf4 20. f3 g5 21. Ne2 Qh3 22. Nxd4 Bxd4+ 23. Kh1 Bxb2 24. Rb1 Bxa3 25. Bc3 Bc5 26. Qe2 Kh7 27. e5 Qf5 28. e6 Rae8 29. Rbd1 Rg8 30. Qa2 g4 31. Qa4 Re7 32. Qa2 gxf3 33. Rxf3 Qe4 34. Qb1 Qxb1 35. Rxb1 Be3 36. Rbf1 c6 37. Rb1 cxd5 38. cxd5 Rc7 39. Ba1 Rc2 40. Rxe3 fxe3 41. Rf1 Rf2 42. Rc1 e2 0-1

[Event "Saint Quentin op 4th"]
[Site "Saint Quentin"]
[Date "2001.04.15"]
[Round "1.24"]
[White "Callet, Emmanuel"]
[Black "Levier, Jean Francois"]
[Result "1-0"]
[WhiteElo "2158"]
[BlackElo "1630"]
[PlyCount "79"]
[EventDate "2001.04.15"]
[EventType "swiss"]
[EventRounds "9"]
[EventCountry "FRA"]
[SourceTitle "EXT 2002"]
[Source "ChessBase"]
[SourceDate "2001.11.25"]
[SourceVersion "1"]
[SourceVersionDate "2001.11.25"]
[SourceQuality "1"]

1. e4 d6 2. d4 Nf6 3. Nc3 Nbd7 4. f4 e5 5. Nf3 Be7 6. dxe5 dxe5 7. Bc4 0-0 8. 0-0 c6 9. Qe2 b5 10. Bb3 Qc7 11. Nd1 a5 12. c3 Ba6 13. f5 Nc5 14. Nf2 Nxb3 15. axb3 Rfe8 16. Be3 Bb7 17. Bg5 h6 18. Bh4 Nh7 19. Bxe7 Rxe7 20. Ng4 f6 21. Nd2 Rd7 22. b4 axb4 23. Rxa8+ Bxa8 24. cxb4 Ng5 25. Nb3 Qd6 26. Nc5 Rd8 27. Nf2 Qe7 28. Ra1 Nf7 29. Nfd3 Nd6 30. Ne6 Rb8 31. Ndc5 Nb7 32. Ra7 Qd6 33. Qg4 Qe7 34. Qg3 Qf7 35. h3 Kh7 36. Qa3 Qh5 37. Rxa8 Rxa8 38. Qxa8 Qd1+ 39. Kh2 Nxc5 40. Nf8+ 1-0

[Event "FRA-ch op FIDE"]
[Site "Paris"]
[Date "1994.??.??"]
[Round "4"]
[White "Troffiguer, Olivier"]
[Black "Callet, Emmanuel"]
[Result "1-0"]
[WhiteElo "2100"]
[BlackElo "2020"]
[PlyCount "59"]
[EventDate "1994.??.??"]
[EventType "swiss"]
[EventRounds "9"]
[EventCountry "FRA"]
[SourceTitle "EXT 1998"]
[Source "ChessBase"]
[SourceDate "1997.11.17"]
[SourceVersion "1"]
[SourceVersionDate "1997.11.17"]
[SourceQuality "1"]

1. d4 Nf6 2. Nf3 e6 3. Bg5 b6 4. Nbd2 Bb7 5. e4 h6 6. Bxf6 Qxf6 7. Bd3 d6 8. 0-0 Nd7 9. c3 h5 10. Qa4 0-0-0 11. Qxa7 Nb8 12. Qa4 g5 13. d5 e5 14. Nc4 Bh6 15. Na3 Qf4 16. Nb5 Bxd5 17. b3 f5 18. exd5 Qxa4 19. Bxf5+ Kb7 20. bxa4 g4 21. Ne1 Rhf8 22. Be6 Rf4 23. a5 Rdf8 24. Nd3 R4f6 25. axb6 Kxb6 26. Rab1 Ka5 27. Nxc7 e4 28. Rb5+ Ka4 29. Nb2+ Ka3 30. Nc4+ 1-0

[Event "Val Thorens op"]
[Site "Val Thorens"]
[Date "1994.??.??"]
[Round "7"]
[White "Zaporojan, Victor"]
[Black "Callet, Emmanuel"]
[Result "1-0"]
[WhiteElo "2225"]
[BlackElo "2020"]
[PlyCount "85"]
[EventDate "1994.??.??"]
[EventType "swiss"]
[EventRounds "9"]
[EventCountry "FRA"]
[SourceTitle "EXT 1999"]
[Source "ChessBase"]
[SourceDate "1998.11.16"]
[SourceVersion "1"]
[SourceVersionDate "1998.11.16"]
[SourceQuality "1"]

1. e4 c5 2. Nf3 Nc6 3. d4 cxd4 4. Nxd4 e5 5. Nb5 a6 6. Nd6+ Bxd6 7. Qxd6 Qf6 8. Qd1 Qg6 9. Nc3 Nge7 10. h4 h5 11. Bg5 b5 12. Qd3 f6 13. Be3 Nb4 14. Qd2 d5 15. Bc5 d4 16. Bxb4 dxc3 17. bxc3 Qxe4+ 18. Be2 Ra7 19. 0-0-0 Rd7 20. Bd3 Qg4 21. Bxe7 Kxe7 22. c4 Rhd8 23. f3 Qg3 24. cxb5 axb5 25. Qb4+ Kf7 26. Qb3+ Kf8 27. Qb4+ Kg8 28. Qxb5 Qf4+ 29. Rd2 Rd6 30. Qc4+ Be6 31. Qxf4 exf4 32. Rhd1 Kf8 33. a4 Ke7 34. Bb5 Rxd2 35. Rxd2 Rb8 36. c4 Rc8 37. Rd4 g5 38. hxg5 fxg5 39. Kb2 Rf8 40. a5 g4 41. a6 g3 42. Bc6 Bh3 43. gxh3 1-0